| 000 | 00548nam a22001697a 4500 | ||
|---|---|---|---|
| 008 | 250417b |||||||| |||| 00| 0 eng d | ||
| 020 | _a9789937779647 | ||
| 082 |
_223rd. _a539.6 _bK829a |
||
| 100 | 1 | _aKoirala, Rajendra Prasad | |
| 245 |
_aAnalysis tools on molecular dynamics : _bresearch book / _cRajendra Prasad Koirala. |
||
| 260 |
_aKathmandu : _bAsmita Books Publishers & Distributors, _c2024. |
||
| 300 | _a120p. : ill. | ||
| 500 | _aIncludes references. | ||
| 650 |
_aMolecular physics _97882 |
||
| 650 | _aDynamics | ||
| 942 |
_2ddc _cISBN |
||
| 999 |
_c121819 _d121807 |
||